MyGZULibrary

Culture and human development : (Record no. 1145)

MARC details
000 -LEADER
fixed length control field 01297cam a2200325 a 4500
001 - CONTROL NUMBER
control field 12195489
003 - CONTROL NUMBER IDENTIFIER
control field GZU
005 - DATE AND TIME OF LATEST TRANSACTION
control field 20200925154021.0
008 - FIXED-LENGTH DATA ELEMENTS--GENERAL INFORMATION
fixed length control field 001004s2000 enka b 001 0 eng d
010 ## - LIBRARY OF CONGRESS CONTROL NUMBER
LC control number 99076460
020 ## - INTERNATIONAL STANDARD BOOK NUMBER
International Standard Book Number 0761956832
020 ## - INTERNATIONAL STANDARD BOOK NUMBER
International Standard Book Number 0761956840 (pbk.)
035 ## - SYSTEM CONTROL NUMBER
System control number (OCoLC)ocm44590923
040 ## - CATALOGING SOURCE
Original cataloging agency ILU
Transcribing agency ILU
Modifying agency DLC
042 ## - AUTHENTICATION CODE
Authentication code lccopycat
050 00 - LIBRARY OF CONGRESS CALL NUMBER
Classification number BF713
Item number .VAL 2000
100 1# - MAIN ENTRY--PERSONAL NAME
Personal name Valsiner, Jaan.
Relator term author
245 10 - TITLE STATEMENT
Title Culture and human development :
Remainder of title an introduction /
Statement of responsibility, etc. Jaan Valsiner.
260 ## - PUBLICATION, DISTRIBUTION, ETC.
Place of publication, distribution, etc. London ;
-- Thousand Oaks, Calif. :
Name of publisher, distributor, etc. SAGE Publications,
Date of publication, distribution, etc. 2000.
300 ## - PHYSICAL DESCRIPTION
Extent xiv, 319 p. :
Other physical details ill. ;
Dimensions 26 cm.
504 ## - BIBLIOGRAPHY, ETC. NOTE
Bibliography, etc. note Includes bibliographical references (p. [303]-315) and index.
650 #0 - SUBJECT ADDED ENTRY--TOPICAL TERM
Topical term or geographic name entry element Developmental psychology
Form subdivision Cross-cultural studies.
650 #0 - SUBJECT ADDED ENTRY--TOPICAL TERM
Topical term or geographic name entry element Ethnopsychology.
650 #0 - SUBJECT ADDED ENTRY--TOPICAL TERM
Topical term or geographic name entry element Child development
Form subdivision Cross-cultural studies.
856 42 - ELECTRONIC LOCATION AND ACCESS
Materials specified Publisher description
Uniform Resource Identifier <a href="http://www.loc.gov/catdir/enhancements/fy0656/99076460-d.html">http://www.loc.gov/catdir/enhancements/fy0656/99076460-d.html</a>
856 41 - ELECTRONIC LOCATION AND ACCESS
Materials specified Table of contents only
Uniform Resource Identifier <a href="http://www.loc.gov/catdir/enhancements/fy0656/99076460-t.html">http://www.loc.gov/catdir/enhancements/fy0656/99076460-t.html</a>
906 ## - LOCAL DATA ELEMENT F, LDF (RLIN)
a 7
b cbc
c copycat
d 2
e ncip
f 20
g y-gencatlg
942 ## - ADDED ENTRY ELEMENTS (KOHA)
Source of classification or shelving scheme Library of Congress Classification
Koha item type Books
Classification part 713
Item part VAL
Call number prefix BF
Holdings
Withdrawn status Lost status Source of classification or shelving scheme Damaged status Not for loan Collection code Home library Current library Shelving location Date acquired Source of acquisition Total Checkouts Full call number Barcode Date last seen Copy number Price effective from Koha item type Inventory number
    Library of Congress Classification     Non-fiction City Campus Library City Campus Library General Stacks 09/17/2019 Book Aid International   BF713 VAL 2000 030851 09/25/2020 c. 1 09/25/2020 Books  
    Library of Congress Classification     Non-fiction City Campus Library City Campus Library General Stacks 11/13/2023 Donation: BAI   033009 033009 11/13/2023 c.2 11/13/2023 Books 033009
    Library of Congress Classification     Non-fiction City Campus Library City Campus Library General Stacks 11/13/2023 Donation: BAI   BF713.VAL 2002 033008 11/13/2023 c.3 11/13/2023 Books 033008
    Library of Congress Classification     Non-fiction City Campus Library City Campus Library General Stacks 11/13/2023 Donation: BAI   BF713.VAL 2002 033007 11/13/2023 c.4 11/13/2023 Books 033007
    Library of Congress Classification     Non-fiction City Campus Library City Campus Library General Stacks 11/13/2023 Donation: BAI   BF713.VAL 2002 033006 11/13/2023 c.5 11/13/2023 Books 033006
    Library of Congress Classification     Non-fiction City Campus Library City Campus Library General Stacks 11/13/2023 Donation: BAI   BF713.VAL 2002 033005 11/13/2023 c.6 11/13/2023 Books 033005